| 000 | 00647cab a2200181 4500 | ||
|---|---|---|---|
| 001 | L129389 | ||
| 008 | 050415n2005 000 0 eng u | ||
| 035 | _a(Sirsi) u129389 | ||
| 041 | _aeng | ||
| 100 | _aHutton, Matthew | ||
| 245 | _aPractical stamp | ||
| 260 | _c2005 | ||
| 490 |
_aTaxation _v155(4002) 7 April 2005, 15-17(3) |
||
| 520 | _aOutlines the practicalities of dealing with Stamp Duty Land Tax in relation to trusts and estates. Highlights the fact that some areas still remain uncertain which practitioners need to approach with caution. | ||
| 590 | _aIKA150405 | ||
| 690 | _aPROPERTY-PROPERTY TAXATION-STAMP DUTY | ||
| 942 | _n0 | ||
| 999 |
_c75097 _d75097 |
||